Ratnākara aura unakā Uddhavaśataka. (Record no. 56682)

MARC details
000 -LEADER
fixed length control field 00567cam a22002171 4500
001 - CONTROL NUMBER
control field sa 64001311
003 - CONTROL NUMBER IDENTIFIER
control field DLC
005 - DATE AND TIME OF LATEST TRANSACTION
control field 20260227112001.0
008 - FIXED-LENGTH DATA ELEMENTS--GENERAL INFORMATION
fixed length control field 890719s1963 ii 000 0 hino
010 ## - LIBRARY OF CONGRESS CONTROL NUMBER
LC control number sa 64001311
035 ## - SYSTEM CONTROL NUMBER
System control number (OCoLC)20033603
040 ## - CATALOGING SOURCE
Original cataloging agency DLC
Transcribing agency WaU
Modifying agency DLC
042 ## - AUTHENTICATION CODE
Authentication code premarc
050 00 - LIBRARY OF CONGRESS CALL NUMBER
Classification number PK2098.D32
Item number U33
100 1# - MAIN ENTRY--PERSONAL NAME
Personal name Bhāṭī, Deśarājasiṃha.
245 10 - TITLE STATEMENT
Title Ratnākara aura unakā Uddhavaśataka.
260 ## - PUBLICATION, DISTRIBUTION, ETC.
Date of publication, distribution, etc. [1963]
300 ## - PHYSICAL DESCRIPTION
Extent 186 p.
Dimensions 19 cm.
500 ## - GENERAL NOTE
General note In Hindi.
600 10 - SUBJECT ADDED ENTRY--PERSONAL NAME
Personal name Das, Jagannath,
Dates associated with a name 1866-1932.
Title of a work Uddhavaśataka.

No items available.

Powered by Koha